|
|
|
|
| LEADER |
00000nam a22000007a 4500 |
| 005 |
20181221121359.0 |
| 007 |
cr|||| ||| |
| 008 |
181221s2018 co |||||s|||| 00||0 spa d |
| 020 |
|
|
|a 978-958-762-744-2
|
| 035 |
|
|
|a 22596
|
| 040 |
|
|
|a vLex
|
| 090 |
|
|
|c 8359
|d 8359
|
| 100 |
1 |
|
|a Isaza Serrano, Alejandro Tadeo
|
| 245 |
1 |
0 |
|a Garanta̕ de calidad en salud
|h [Recurso electrn̤ico] /
|c Alejandro Tadeo Isaza Serrano
|
| 250 |
|
|
|a 3ra edicin̤
|
| 256 |
|
|
|a Servicio en ln̕ea
|
| 260 |
|
|
|a Bogot:̀
|b Ediciones de la U,
|c 2018
|
| 300 |
|
|
|a 1 recurso electrn̤ico
|
| 506 |
1 |
|
|a Disponible solo en los productos indicados
|d vLex Global
|d vLex Global (Academic Edition, excluding Law Schools)
|d vLex Global (U.S. Academic Edition, Law Schools)
|d vLex Global (U.S. Academic Edition, excluding Law Schools)
|d vLex Global (Academic Edition, Law Schools)
|
| 650 |
0 |
4 |
|a Economa̕ y negocios
|z Colombia
|
| 740 |
0 |
|
|a vLex Libros (Servicio en ln̕ea)
|
| 856 |
4 |
0 |
|u http://vlex.com/source/garantia-calidad-salud-22596
|z Acceso restringido
|
| 942 |
|
|
|c BOOK
|
| 999 |
0 |
|
|a Economy and business
|